| 000 | 01450cam a2200361 a 4500 | ||
|---|---|---|---|
| 999 |
_c58192 _d58192 |
||
| 001 | 16225516 | ||
| 005 | 20210904145429.0 | ||
| 008 | 100510s2011 njua b 001 0 eng | ||
| 010 | _a 2010018773 | ||
| 020 | _a9780131480056 (pbk. : alk. paper) | ||
| 020 | _a0131480057 (pbk. : alk. paper) | ||
| 040 |
_aDLC _cDLC _dDLC |
||
| 050 | 0 | 0 |
_aQA76.76.O63 _bN45 2011 |
| 080 | _a004.42 U-55 | ||
| 082 | 0 | 0 |
_a005.4/32 _222 |
| 245 | 0 | 0 |
_aUNIX and Linux system administration handbook / _cEvi Nemeth ... [et al.]. |
| 250 | _a4th ed. | ||
| 260 |
_aUpper Saddle River, NJ : _bPrentice Hall, _cc2011. |
||
| 300 |
_axlvii, 1279 p. : _bill. ; _c23 cm. |
||
| 500 | _aRev. ed of: Unix system administration handbook, 3rd ed., 2001. | ||
| 504 | _aIncludes bibliographical references and index. | ||
| 630 | 0 | 0 |
_aUNIX (Computer file) _912402 |
| 630 | 0 | 0 |
_aLinux. _912355 |
| 650 | 0 |
_aOperating systems (Computers) _912403 |
|
| 653 | _aკომპიუტერული პროგრამირება | ||
| 653 | _aკომპიუტერული პროგრამები | ||
| 653 | _aსაინფორმაციო ტექნოლოგიები | ||
| 700 | 1 |
_aNemeth, Evi. _912404 |
|
| 730 | 0 |
_aUnix system administration handbook. _912405 |
|
| 906 |
_a7 _bcbc _corignew _d1 _eecip _f20 _gy-gencatlg |
||
| 942 |
_2udc _cBK |
||
| 955 |
_bxh09 2010-05-10 _ixh09 2010-05-10 to Dewey _axe10 2010-11-04 1 copy rec'd., to CIP ver. |
||